| 000 | 00465nam a22001697a 4500 | ||
|---|---|---|---|
| 999 |
_c41304 _d41304 |
||
| 003 | OSt | ||
| 005 | 20210427131313.0 | ||
| 008 | 210427b ||||| |||| 00| 0 eng d | ||
| 020 | _a9788182718265 | ||
| 040 | _coclc | ||
| 082 |
_a920 _bMUN/M |
||
| 100 |
_98594 _aMunnoor, Abdurahiman |
||
| 245 |
_aMuhammed Ali/ _cAbdurahiman Munnoor |
||
| 260 |
_aKozhikode _bIPH, _c2019. |
||
| 300 | _a127 pages | ||
| 942 |
_2ddc _cBK _h920 _iMUN/M _k920 _mMUN/M |
||